Gabriela Mistral, 1889-1957. (Record no. 51368)
[ view plain ]
| 000 -LEADER | |
|---|---|
| fixed length control field | 01118cam a22002411a 4500 |
| 001 - CONTROL NUMBER | |
| control field | pa 58000034 |
| 003 - CONTROL NUMBER IDENTIFIER | |
| control field | DLC |
| 005 - DATE AND TIME OF LATEST TRANSACTION | |
| control field | 20260227111854.0 |
| 008 - FIXED-LENGTH DATA ELEMENTS--GENERAL INFORMATION | |
| fixed length control field | 861230s1958 dcuc i000 0 spa |
| 010 ## - LIBRARY OF CONGRESS CONTROL NUMBER | |
| LC control number | pa 58000034 |
| 035 ## - SYSTEM CONTROL NUMBER | |
| System control number | (OCoLC)15023193 |
| 040 ## - CATALOGING SOURCE | |
| Original cataloging agency | DLC |
| Transcribing agency | OCU |
| Modifying agency | CHS |
| -- | AzTeS |
| -- | FMU |
| -- | DLC |
| 042 ## - AUTHENTICATION CODE | |
| Authentication code | premarc |
| 050 00 - LIBRARY OF CONGRESS CALL NUMBER | |
| Classification number | PQ8097.G6 |
| Item number | Z69 |
| 245 00 - TITLE STATEMENT | |
| Title | Gabriela Mistral, 1889-1957. |
| 260 ## - PUBLICATION, DISTRIBUTION, ETC. | |
| Place of publication, distribution, etc. | Washington, D.C. : |
| Name of publisher, distributor, etc. | Pan American Union, |
| Date of publication, distribution, etc. | 1958. |
| 300 ## - PHYSICAL DESCRIPTION | |
| Extent | 90 p. : |
| Other physical details | port. ; |
| Dimensions | 25 cm. |
| 490 1# - SERIES STATEMENT | |
| Series statement | Publicaciones / Comité Interamericano de Bibliografía. Organización de los Estados Americanos |
| 505 0# - FORMATTED CONTENTS NOTE | |
| Formatted contents note | Recuerdo de Gabriela Mistral / J. Marín -- Gabriela Mistral ; aspectos de su vida y de su obra / J. Uribe Echevarría -- Alabanza de Gabriela Mistral / R. Helidoro Valle -- Las ideas americanistas de Gabriela Mistral / J. A. Mora -- Los escritos de Gabriela Mistral y estudios sobre su obra / N. Albanell y N. Mango. |
| 600 10 - SUBJECT ADDED ENTRY--PERSONAL NAME | |
| Personal name | Mistral, Gabriela, |
| Dates associated with a name | 1889-1957. |
| 600 10 - SUBJECT ADDED ENTRY--PERSONAL NAME | |
| Personal name | Mistral, Gabriela, |
| Dates associated with a name | 1889-1957 |
| Form subdivision | Bibliography. |
| 810 2# - SERIES ADDED ENTRY--CORPORATE NAME | |
| Corporate name or jurisdiction name as entry element | Inter-American Committee on Bibliography. |
| Title of a work | Publications. |
No items available.